UM Logo

A control strategy for wireless EV charging system to improve weak coupling output based on variable inductor and capacitor / (Record no. 20090)

MARC details
000 -LEADER
fixed length control field 01233nam a22002777a 4500
003 - CONTROL NUMBER IDENTIFIER
control field OSt
005 - DATE AND TIME OF LATEST TRANSACTION
control field 20251008154629.0
008 - FIXED-LENGTH DATA ELEMENTS--GENERAL INFORMATION
fixed length control field 240408b ||||| |||| 00| 0 eng d
040 ## - CATALOGING SOURCE
Transcribing agency 0
082 ## - DEWEY DECIMAL CLASSIFICATION NUMBER
Classification number DPer 621.317 Ie21 October 2022 v. 37 n. 10
100 ## - MAIN ENTRY--PERSONAL NAME
Personal name Song, Kai.
Relator term author.
9 (RLIN) 56351
245 ## - TITLE STATEMENT
Title A control strategy for wireless EV charging system to improve weak coupling output based on variable inductor and capacitor /
Statement of responsibility, etc. Kai Song, Yu Lan, Ruizhi Wei, Guang Yang, Fengshou Yang, Weihan Li, Jinhai Jiang, Chunbo Zhu, and Yunwei Li.
260 ## - PUBLICATION, DISTRIBUTION, ETC. (IMPRINT)
Place of publication, distribution, etc. New York ;
Name of publisher, distributor, etc. The Institute of Electrical and Electronics Engineers, Inc. ,
Date of publication, distribution, etc. October 2022.
300 ## - PHYSICAL DESCRIPTION
Extent Volume 37, pages 12853-12864 :
Other physical details illustration ;
Dimensions 28 cm.
500 ## - GENERAL NOTE
General note IEEE Transactions on Power Electronics, v. 37, n. 10, pages 12853-12864, October 2022.
700 ## - ADDED ENTRY--PERSONAL NAME
Personal name Song, Kai.
Relator term author.
9 (RLIN) 56351
700 ## - ADDED ENTRY--PERSONAL NAME
Personal name Lan, Yu.
Relator term author.
9 (RLIN) 56352
700 ## - ADDED ENTRY--PERSONAL NAME
Personal name Wei, Ruizhi.
Relator term author.
9 (RLIN) 56353
700 ## - ADDED ENTRY--PERSONAL NAME
Personal name Yang, Guang.
Relator term author.
9 (RLIN) 56354
700 ## - ADDED ENTRY--PERSONAL NAME
Personal name Yang, Fengshou.
Relator term author.
9 (RLIN) 56355
700 ## - ADDED ENTRY--PERSONAL NAME
Personal name Li, Weihan.
Relator term author.
9 (RLIN) 56356
700 ## - ADDED ENTRY--PERSONAL NAME
Personal name Jiang, Jinhai.
Relator term author.
9 (RLIN) 56357
700 ## - ADDED ENTRY--PERSONAL NAME
Personal name Zhu, Chunbo.
Relator term author.
9 (RLIN) 56358
700 ## - ADDED ENTRY--PERSONAL NAME
Personal name Li, Yunwei.
Relator term author.
9 (RLIN) 56359
942 ## - ADDED ENTRY ELEMENTS (KOHA)
Source of classification or shelving scheme Dewey Decimal Classification
Koha item type Periodicals
Holdings
Withdrawn status Lost status Source of classification or shelving scheme Damaged status Not for loan Collection code Home library Current library Date acquired Total Checkouts Full call number Date last seen Price effective from Koha item type Public note
    Dewey Decimal Classification     Periodicals UM Digos College - LIC UM Digos College - LIC 04/08/2024   DPer 621.317 Ie21 October 2022 v. 37 n. 10 04/08/2024 04/08/2024 Periodicals Periodical Article